000 01274nam a2200217Ia 4500
003 Ost
005 20260507075246.0
008 260507s9999||||xx |||||||||||||| ||und||
020 _a3426169957
040 _cfsecg
041 _aara
082 _a330
100 _aحنان، رضوان حلوة
_eمؤلف
245 0 _aتطور الفكر المحاسبي :
_bمدخل نظرية المحاسبة /
_c رضوان حلوة حنان
260 _aعمان:
_bدار الثقافة,
_c2009
300 _a480 صفحة؛
_bإيضاحات ؛
_c24 سم
520 _aمراحل تطور الفكر المحاسبي : المحاسبة المالية ، محاسبة التكاليف ، الممارسات المحاسبية في المنظور التاريخي ، التأصيل العلمي للمحاسبة من المبادئ المحاسبية الى المعايير المحاسبية ، الطبيعة العلمية و مناهج البحث العلمي و مداخل تكوين النظرية ، تعريف المحاسبة و مفاهيمها الأساسية ، النظام المحاسبي و القوائم المالية ، هيكل نظرية المحاسبة .
653 _aالمحاسبة
653 _aمحاسبة التكاليف
942 _cكتاب
999 _c43662
_d43662